[Event "Geneve Bois Gentil op"]
[White "Schaerer, Marc"]
[Black "Klyucharev, Alexander"]
[Site "Geneve"]
[Round "6"]
[Result "1/2-1/2"]
[Date "2022.03.04"]
[WhiteElo "1755"]
[BlackElo "1782"]
[PlyCount "117"]
[EventDate "2022.01.14"]
[EventType "swiss"]
[EventRounds "7"]
[EventCountry "SUI"]
[SourceTitle "EXT 2023"]
[Source "ChessBase"]
[SourceDate "2022.10.05"]
[SourceVersion "1"]
[SourceVersionDate "2022.10.05"]
[SourceQuality "1"]

1. Nf3 Nf6 2. g3 e6 3. c4 d5 4. cxd5 exd5 5. Bg2 Be7 6. 0-0 c6 7. b3 0-0 8. Bb2 Bf5 9. d3 Qc8 10. Nbd2 Bh3 11. Rc1 Bxg2 12. Kxg2 Nbd7 13. Re1 Re8 14. Rc2 Bd6 15. Qa1 Qc7 16. e3 Ne5 17. Nxe5 Bxe5 18. Bxe5 Qxe5 19. Qxe5 Rxe5 20. Nf3 Re7 21. Rec1 Ne8 22. b4 Nd6 23. a4 a6 24. Nd4 g6 25. Rc5 Rd8 26. b5 axb5 27. axb5 Nxb5 28. Nxb5 cxb5 29. Rxb5 Rd6 30. Rcb1 Rdd7 31. h4 h5 32. Kf3 Kg7 33. R1b4 f6 34. d4 Kf7 35. Rc5 Re8 36. Rbb5 Red8 37. Ke2 g5 38. hxg5 fxg5 39. Rb6 Kg7 40. Rcb5 Rb8 41. Re6 h4 42. gxh4 gxh4 43. Re5 Rh8 44. Rb1 h3 45. Rg5+ Kf6 46. f4 h2 47. Rh1 b5 48. Rg2 Rdh7 49. Kd3 b4 50. Rb2 Rh3 51. Rxb4 Re8 52. Rb6+ Kf5 53. Rd6 Rexe3+ 54. Kc2 Ke4 55. f5 Kxd4 56. Re6 Ra3 57. Kb2 Rhb3+ 58. Kc2 Rc3+ 59. Kb2 1/2-1/2

[Event "Geneve Bois Gentil op"]
[White "Vulliez, Ivan"]
[Black "Schaerer, Marc"]
[Site "Geneve"]
[Round "4"]
[Result "0-1"]
[Date "2020.02.07"]
[WhiteElo "1524"]
[BlackElo "1702"]
[PlyCount "108"]
[EventDate "2020.01.10"]
[EventType "swiss"]
[EventRounds "7"]
[EventCountry "SUI"]
[SourceTitle "CBM 195 Extra"]
[Source "ChessBase"]
[SourceDate "2020.05.31"]
[SourceVersion "1"]
[SourceVersionDate "2020.05.31"]
[SourceQuality "1"]

1. d4 d5 2. Nf3 Nf6 3. e3 e6 4. Bd3 Nbd7 5. b3 c5 6. Bb2 b6 7. Nbd2 Bb7 8. 0-0 Rc8 9. Ne5 Bd6 10. f4 0-0 11. Qf3 Ne4 12. Qh3 f5 13. Ndf3 Ndf6 14. Ng5 Qe7 15. Bb5 cxd4 16. Nd7 Nxg5 17. Nxf6+ gxf6 18. fxg5 fxg5 19. Bd3 dxe3 20. Qh6 d4 21. Rfe1 e5 22. Bc4+ Kh8 23. Rad1 Qf6 24. Qh3 Be4 25. Re2 g4 26. Qh5 Qg6 27. Qh4 f4 28. Rxd4 f3 29. Rxe3 Bc5 30. Qg3 Bxd4 31. Bxd4 exd4 32. Qe5+ Qg7 33. Qxg7+ Kxg7 34. Rxe4 f2+ 35. Kf1 h5 36. Re2 Kg6 37. Re6+ Kg5 38. Re2 h4 39. Bd3 Rc5 40. Re6 g3 41. Rg6+ Kf4 42. h3 Ke3 43. Re6+ Kd2 44. Re4 Rd5 45. Re7 a5 46. Re6 b5 47. Re4 b4 48. Re6 Rc8 49. Re2+ Kc3 50. Re4 Rcc5 51. Rxh4 Re5 52. Be2 Kxc2 53. Rxd4 Rxe2 54. Kxe2 Re5+ 0-1

[Event "Geneve Bois Gentil op"]
[White "Garzotti, Paolo"]
[Black "Schaerer, Marc"]
[Site "Geneve"]
[Round "2"]
[Result "1/2-1/2"]
[Date "2020.01.17"]
[WhiteElo "1706"]
[BlackElo "1702"]
[PlyCount "64"]
[EventDate "2020.01.10"]
[EventType "swiss"]
[EventRounds "7"]
[EventCountry "SUI"]
[SourceTitle "CBM 195 Extra"]
[Source "ChessBase"]
[SourceDate "2020.05.31"]
[SourceVersion "1"]
[SourceVersionDate "2020.05.31"]
[SourceQuality "1"]

1. d4 d5 2. Nf3 Nf6 3. Bf4 e6 4. e3 Bd6 5. Bg3 0-0 6. Bd3 b6 7. Nbd2 c5 8. c3 Bb7 9. Qe2 Ne4 10. Bc2 Nxd2 11. Nxd2 Qc7 12. Nf3 Nd7 13. e4 dxe4 14. Bxe4 Bxe4 15. Qxe4 Nf6 16. Bxd6 Qxd6 17. dxc5 Qxc5 18. Qd4 Qxd4 19. Nxd4 Rfd8 20. Ke2 Rd5 21. Rhd1 Rad8 22. Nc6 Rxd1 23. Rxd1 Rxd1 24. Kxd1 a5 25. Ke2 Kf8 26. c4 Ke8 27. Kd3 Nd7 28. Kd4 f6 29. b3 Nc5 30. Na7 Kd7 31. Nb5 g5 32. Nc3 Kd6 1/2-1/2

[Event "Geneve Bois Gentil op"]
[White "Schaerer, Marc"]
[Black "Babel, Ludovic"]
[Site "Geneve"]
[Round "3"]
[Result "1-0"]
[Date "2019.01.25"]
[WhiteElo "1789"]
[BlackElo "1643"]
[PlyCount "117"]
[EventDate "2019.01.11"]
[EventType "swiss"]
[EventRounds "7"]
[EventCountry "SUI"]
[SourceTitle "CBM 189 Extra"]
[Source "ChessBase"]
[SourceDate "2019.05.31"]
[SourceVersion "1"]
[SourceVersionDate "2019.05.31"]
[SourceQuality "1"]

1. Nf3 d5 2. d4 e6 3. c4 c6 4. Nc3 Bd6 5. Qc2 f5 6. e3 Nf6 7. b3 0-0 8. a4 Rf7 9. Ba3 Bc7 10. Ng5 Rd7 11. Nxe6 Ne4 12. Nxd8 Rxd8 13. cxd5 cxd5 14. Nxd5 Ba5+ 15. Nb4 Nc6 16. Qc4+ Kh8 17. Bd3 Nd6 18. Qc3 f4 19. 0-0 f3 20. d5 Ne7 21. e4 Ng6 22. Bb2 Ne8 23. Bb5 Nf4 24. g3 Nh3+ 25. Kh1 Nf6 26. Qxf3 Bg4 27. Qd3 Bxb4 28. Bxf6 gxf6 29. f3 Bh5 30. Kg2 Ng5 31. g4 Bg6 32. Qd4 Be7 33. Rac1 Ne6 34. Qe3 Nf8 35. Rc2 a6 36. Bd3 Nd7 37. Rfc1 Ba3 38. Ra1 Bd6 39. h4 Ne5 40. Be2 Re8 41. Qb6 Be7 42. Kh3 Rab8 43. Rd1 Nd7 44. Qd4 Bd6 45. h5 Bf7 46. b4 Kg7 47. b5 a5 48. b6 Ne5 49. Qe3 h6 50. Bb5 Rg8 51. Rdc1 Kh7 52. Rc3 Bxh5 53. gxh5 Rg5 54. Kh4 Rbg8 55. Rc8 Nxf3+ 56. Qxf3 R8g7 57. Be8 Kg8 58. Bg6+ Bf8 59. Qxf6 1-0

[Event "Bois Gentil op"]
[White "Schaerer, Marc"]
[Black "Ruiz, Jose"]
[Site "Geneve"]
[Round "2"]
[Result "0-1"]
[Date "2017.01.20"]
[WhiteElo "1788"]
[BlackElo "2107"]
[PlyCount "138"]
[EventDate "2017.01.13"]
[EventType "swiss"]
[EventRounds "7"]
[EventCountry "SUI"]
[SourceTitle "EXT 2018"]
[Source "ChessBase"]
[SourceDate "2017.10.13"]
[SourceVersion "1"]
[SourceVersionDate "2017.10.13"]
[SourceQuality "1"]

1. Nf3 d5 2. d4 Nf6 3. c4 e6 4. Bg5 h6 5. Bh4 Bb4+ 6. Nc3 c5 7. dxc5 g5 8. Qa4+ Nc6 9. Bg3 Ne4 10. Be5 0-0 11. a3 Bxc5 12. e3 Nxe5 13. Nxe5 Qf6 14. Ng4 Qg7 15. Nxe4 dxe4 16. Qb5 b6 17. h3 f5 18. Nh2 Bd7 19. Qb3 Rad8 20. Be2 Bc6 21. Qc2 f4 22. Nf1 Qe5 23. Qc3 Qxc3+ 24. bxc3 f3 25. gxf3 exf3 26. Bd1 Rd3 27. Rg1 Rxc3 28. h4 Bxa3 29. hxg5 Bb4 30. gxh6+ Kh7 31. Rxa7+ Kh8 32. Nd2 Be4 33. Rg4 Bd3 34. Rh4 Ba5 35. Nb3 Rxb3+ 36. Rxa5 Rb1 37. Rb5 Ra1 38. Kd2 Bf5 39. Rd4 Ra2+ 40. Kc3 Rxf2 41. Rf4 Rd8 42. Rd4 Rxd4 43. exd4 Rf1 44. Kd2 Bg4 45. Bxf3 Rf2+ 46. Ke1 Rxf3 47. Rxb6 Rd3 48. Rd6 Kh7 49. c5 Kxh6 50. c6 Kg5 51. c7 Rc3 52. Rd7 Kf4 53. Kd2 Rc6 54. d5 exd5 55. Rxd5 Rxc7 56. Rd4+ Kf3 57. Rd3+ Ke4 58. Rd8 Bf5 59. Re8+ Kf4 60. Rf8 Rc2+ 61. Kd1 Rh2 62. Rf7 Ke5 63. Re7+ Kd4 64. Rc7 Ke3 65. Kc1 Kd4 66. Rf7 Bd3 67. Rd7+ Kc3 68. Rc7+ Bc4 69. Kd1 Rh1# 0-1

[Event "Zuoz Engiadina op 23rd"]
[White "Schaerer, Marc"]
[Black "Schirmer, Felix"]
[Site "Zuoz"]
[Round "5"]
[Result "0-1"]
[Date "2016.10.06"]
[WhiteElo "1851"]
[BlackElo "1949"]
[PlyCount "44"]
[EventDate "2016.10.01"]
[EventType "swiss"]
[EventRounds "7"]
[EventCountry "SUI"]
[SourceTitle "EXT 2017"]
[Source "ChessBase"]
[SourceDate "2016.10.25"]
[SourceVersion "1"]
[SourceVersionDate "2016.10.25"]
[SourceQuality "1"]

1. Nf3 Nf6 2. g3 d5 3. d4 e6 4. Bg2 Be7 5. 0-0 0-0 6. Nbd2 Nbd7 7. c4 c6 8. b3 b6 9. Bb2 Bb7 10. Rc1 Rc8 11. Rc2 dxc4 12. Nxc4 c5 13. dxc5 Nxc5 14. Rd2 Qe8 15. Bxf6 gxf6 16. Nd6 Bxd6 17. Rxd6 Bd5 18. Nd4 Bxg2 19. Kxg2 Ne4 20. Nf5 Nxd6 21. Nxd6 Qc6+ 22. f3 Rcd8 0-1

[Event "Bois Gentil op"]
[White "Schaerer, Marc"]
[Black "Ruiz, Jose"]
[Site "Geneve"]
[Round "1"]
[Result "0-1"]
[Date "2016.01.15"]
[WhiteElo "1772"]
[BlackElo "2110"]
[PlyCount "52"]
[EventDate "2016.01.15"]
[EventType "swiss"]
[EventRounds "7"]
[EventCountry "SUI"]
[SourceTitle "EXT 2017"]
[Source "ChessBase"]
[SourceDate "2016.10.25"]
[SourceVersion "1"]
[SourceVersionDate "2016.10.25"]
[SourceQuality "1"]

1. Nf3 Nf6 2. g3 d5 3. d4 e6 4. Bg2 c5 5. c3 Nbd7 6. 0-0 Be7 7. Bg5 h6 8. Bxf6 Nxf6 9. e3 b6 10. Nbd2 0-0 11. Ne5 Bb7 12. Rc1 Qc7 13. f4 Rac8 14. Qe2 cxd4 15. cxd4 Qxc1 16. Rxc1 Rxc1+ 17. Kf2 Rfc8 18. a3 R1c2 19. Nd3 Ba6 20. Bf3 Ne4+ 21. Bxe4 dxe4 22. b4 Bxd3 23. Qd1 Rc1 24. Qa4 R8c2 25. Qe8+ Kh7 26. Qxe7 Rxd2# 0-1

[Event "Bois Gentil op"]
[White "Hariz, Haissam"]
[Black "Schaerer, Marc"]
[Site "Geneve"]
[Round "4"]
[Result "1-0"]
[Date "2015.01.30"]
[WhiteElo "1928"]
[BlackElo "1815"]
[PlyCount "99"]
[EventDate "2015.01.09"]
[EventType "swiss"]
[EventRounds "7"]
[EventCountry "SUI"]
[SourceTitle "EXT 2016"]
[Source "ChessBase"]
[SourceDate "2015.10.08"]
[SourceVersion "1"]
[SourceVersionDate "2015.10.08"]
[SourceQuality "1"]

1. d4 d5 2. c4 e6 3. Nc3 Nf6 4. cxd5 exd5 5. Bg5 Be7 6. e3 0-0 7. Bd3 c6 8. Nge2 h6 9. Bh4 Re8 10. 0-0 Nbd7 11. Rb1 a5 12. a3 Nf8 13. b4 axb4 14. axb4 Bg4 15. b5 Ra3 16. Rb3 Qa5 17. Qc2 Ra8 18. h3 Bxe2 19. Bxe2 Rxb3 20. Qxb3 Qa3 21. Rb1 Qxb3 22. Rxb3 Ra1+ 23. Kh2 Bd6+ 24. Bg3 Bxg3+ 25. Kxg3 Rc1 26. bxc6 bxc6 27. Bf3 Ne6 28. Rb8+ Kh7 29. Ne2 Rc2 30. Rc8 Ng5 31. Rc7 Nge4+ 32. Kh2 Nxf2 33. Nf4 N2e4 34. Nxd5 Ng5 35. Nxf6+ gxf6 36. Bxc6 Kg7 37. d5 Nf3+ 38. Kg3 Ne5 39. Rc8 Kg6 40. Bb7 Re2 41. d6 Rxe3+ 42. Kf4 Rb3 43. Be4+ Kg7 44. Bf5 Rb4+ 45. Ke3 Nc4+ 46. Rxc4 Rxc4 47. d7 Rc5 48. Be4 f5 49. d8Q fxe4 50. Qd4+ 1-0

[Event "Bois Gentil op"]
[White "Schaerer, Marc"]
[Black "Weber, Francois"]
[Site "Geneve"]
[Round "7"]
[Result "1/2-1/2"]
[Date "2014.02.28"]
[WhiteElo "1857"]
[BlackElo "1865"]
[PlyCount "87"]
[EventDate "2014.01.10"]
[EventType "swiss"]
[EventRounds "7"]
[EventCountry "SUI"]
[SourceTitle "CBM 158 Extra"]
[Source "ChessBase"]
[SourceDate "2014.02.28"]
[SourceVersion "1"]
[SourceVersionDate "2014.02.28"]
[SourceQuality "1"]

1. Nf3 Nf6 2. g3 g6 3. Bg2 Bg7 4. 0-0 0-0 5. c4 d6 6. Nc3 c6 7. d3 Nbd7 8. a3 Re8 9. Rb1 e5 10. Qc2 Nf8 11. b4 Bg4 12. h3 Bd7 13. Kh2 Ne6 14. e3 Rc8 15. d4 e4 16. Nxe4 Nxe4 17. Qxe4 Nc5 18. Qh4 Bf6 19. Qh6 Bf5 20. Rb2 Ne4 21. h4 c5 22. Bh3 Qd7 23. Bxf5 Qxf5 24. Qf4 Qxf4 25. gxf4 cxd4 26. Nxd4 Rxc4 27. f3 Bxd4 28. exd4 Nf6 29. Rd1 Rc3 30. Rf2 Nd5 31. Bb2 Rb3 32. Kg3 Ne3 33. Rc1 Nf5+ 34. Kg4 d5 35. h5 Nd6 36. hxg6 hxg6 37. Rc5 Nc4 38. Bc1 Re1 39. Rc2 Rg1+ 40. Kh4 Rxf3 41. Rxd5 Nxa3 42. Rc7 Rfg3 43. Rd8+ Kg7 44. Rdd7 1/2-1/2

[Event "Bois Gentil op"]
[White "Schaerer, Marc"]
[Black "Lesquereux, Nicolas"]
[Site "Geneve"]
[Round "5"]
[Result "1/2-1/2"]
[Date "2014.02.07"]
[WhiteElo "1857"]
[BlackElo "1774"]
[PlyCount "96"]
[EventDate "2014.01.10"]
[EventType "swiss"]
[EventRounds "7"]
[EventCountry "SUI"]
[SourceTitle "CBM 158 Extra"]
[Source "ChessBase"]
[SourceDate "2014.02.28"]
[SourceVersion "1"]
[SourceVersionDate "2014.02.28"]
[SourceQuality "1"]

1. Nf3 e6 2. c4 c5 3. d3 d5 4. g3 Nf6 5. Bg2 h6 6. 0-0 Be7 7. Bf4 Nc6 8. a3 Nh5 9. Bd2 0-0 10. Nc3 Nf6 11. Rb1 d4 12. Na2 e5 13. b4 Qc7 14. b5 Nd8 15. a4 Rb8 16. Nxe5 Bd6 17. Nf3 b6 18. Nc1 Bb7 19. Ra1 Ne6 20. a5 Ng4 21. e4 dxe3 22. fxe3 Ne5 23. Bc3 Nxf3+ 24. Bxf3 Ng5 25. Bxb7 Qxb7 26. Qg4 Rfe8 27. e4 Re6 28. Ne2 Rg6 29. Qf5 Rf8 30. axb6 axb6 31. Nf4 Bxf4 32. Rxf4 Rd8 33. Rd1 Ne6 34. Rg4 Rxg4 35. Qxg4 Nd4 36. Bxd4 Rxd4 37. Qf4 Kh7 38. Kf2 Rd7 39. Ke3 Re7 40. h4 Re6 41. Qf5+ g6 42. Qd5 Qe7 43. Ra1 Rd6 44. Ra7 Qxa7 45. Qxd6 Kg7 46. e5 Qa5 47. Qf6+ Kg8 48. Qd8+ Kg7 1/2-1/2

[Event "Geneve op 27th"]
[White "Schaerer, Marc"]
[Black "Laticevshi, Tiberiu"]
[Site "Geneve"]
[Round "6"]
[Result "1/2-1/2"]
[Date "2013.03.01"]
[WhiteElo "1858"]
[BlackElo "1630"]
[PlyCount "87"]
[EventDate "2013.01.18"]
[EventType "swiss"]
[EventRounds "7"]
[EventCountry "SUI"]
[SourceTitle "EXT 2014"]
[Source "ChessBase"]
[SourceDate "2013.11.20"]
[SourceVersion "1"]
[SourceVersionDate "2013.11.20"]
[SourceQuality "1"]

1. Nf3 d6 2. c4 g6 3. g3 Bg7 4. Bg2 Nf6 5. 0-0 e5 6. d3 0-0 7. Nbd2 Nc6 8. a3 a5 9. Rb1 Ne8 10. b4 f5 11. b5 Ne7 12. Bb2 f4 13. Qb3 fxg3 14. fxg3 Nf5 15. Ne1 Nf6 16. Nc2 Bh6 17. Ne4 Ng4 18. Bc1 Nge3 19. Nxe3 Bxe3+ 20. Bxe3 Nxe3 21. Rxf8+ Qxf8 22. Bf3 Bg4 23. Bxg4 Nxg4 24. Rf1 Qh6 25. Nf6+ Nxf6 26. Rxf6 Qe3+ 27. Kf1 Rf8 28. c5+ Kg7 29. Rxf8 Kxf8 30. cxd6 cxd6 31. a4 b6 32. Qc4 Qc5 33. Qxc5 dxc5 34. e4 Kf7 35. Ke2 Ke6 36. Kd2 h6 37. Kc3 Kd6 38. Kc4 Ke6 39. h3 Kd6 40. g4 Ke6 41. h4 Kd6 42. g5 hxg5 43. hxg5 Ke6 44. Kc3 1/2-1/2